ბათუმის შოთა რუსთაველის სახელმწიფო უნივერსიტეტის ბიბლიოთეკა

დენდროლოგია. ნ.1.შიშველთესლიანები. (ბიბ.ჩანაწერი № 35416)

000 -LEADER
fixed length control field 00650nam a2200193Ia 4500
001 - CONTROL NUMBER
control field 1271
003 - CONTROL NUMBER IDENTIFIER
control field GE_BSU
008 - FIXED-LENGTH DATA ELEMENTS--GENERAL INFORMATION
fixed length control field 181216s||||||||xx |||||||||||||| ||und||
040 ## - CATALOGING SOURCE
Transcribing agency GE_BSU
080 ## - UNIVERSAL DECIMAL CLASSIFICATION NUMBER
Universal Decimal Classification number 581.625.42(075.8)+682.5/9(075/8)+630.1
100 ## - MAIN ENTRY--PERSONAL NAME
Personal name მირზაშვილი, ვ,ი.
245 ## - TITLE STATEMENT
Title დენდროლოგია. ნ.1.შიშველთესლიანები.
260 ## - PUBLICATION, DISTRIBUTION, ETC.
Place of publication, distribution, etc. თბილისი.
260 ## - PUBLICATION, DISTRIBUTION, ETC.
Name of publisher, distributor, etc. უნივერსიტეტის გამომცემლობა.
300 ## - PHYSICAL DESCRIPTION
Extent 232გვ. 22სმ.
653 ## - INDEX TERM--UNCONTROLLED
Uncontrolled term დენდროლოგია.
942 ## - ADDED ENTRY ELEMENTS (KOHA)
Koha item type წიგნი
ეგზემპლარები
Withdrawn status Lost status Damaged status Not for loan Date acquired Barcode Date last seen Price effective from Koha item type
        2018-12-17 2747 2018-12-17 2018-12-17 წიგნი